[Event "Monte Grande op"]
[Site "Monte Grande"]
[Date "2023.11.25"]
[Round "4"]
[White "Capuano, Gabriel"]
[Black "Gualpa, Carlos Alberto"]
[Result "1-0"]
[WhiteElo "1755"]
[BlackElo "1672"]
[PlyCount "26"]
[EventDate "2023.11.24"]
[EventType "swiss"]
[EventRounds "6"]
[EventCountry "ARG"]
[SourceTitle "CB49_2023"]
[SourceDate "2023.12.06"]
[SourceVersion "1"]
[SourceVersionDate "2023.12.06"]
[SourceQuality "1"]

1. e4 d5 2. exd5 Qxd5 3. Nc3 Qe5+ 4. Be2 Bg4 5. d4 Bxe2 6. Ngxe2 Qh5 7. Bf4 Na6 8. Qd3 0-0-0 9. 0-0 e6 10. Nb1 Kb8 11. Bg3 g5 12. Rd1 f6 13. Qc4 Qf7 1-0

[Event "Buenos Aires Masters op"]
[Site "Buenos Aires"]
[Date "2023.06.19"]
[Round "7"]
[White "Gualpa, Carlos Alberto"]
[Black "Chocala, Thiago Ignacio"]
[Result "1-0"]
[WhiteElo "1710"]
[BlackElo "1241"]
[PlyCount "49"]
[EventDate "2023.06.14"]
[EventType "swiss"]
[EventRounds "9"]
[EventCountry "ARG"]
[SourceTitle "CBM 215 Extra"]
[Source "ChessBase"]
[SourceDate "2023.09.30"]
[SourceVersion "1"]
[SourceVersionDate "2023.09.30"]
[SourceQuality "1"]

1. d4 d5 2. Bf4 Nf6 3. Nf3 g6 4. c3 Bg7 5. h3 0-0 6. Qc1 Nc6 7. Bh6 Bf5 8. Bxg7 Kxg7 9. Nbd2 b5 10. Nh4 Be4 11. f3 Bf5 12. Nxf5+ gxf5 13. g4 b4 14. Nb3 bxc3 15. bxc3 e5 16. gxf5 exd4 17. cxd4 Nh5 18. Rg1+ Kh8 19. Qxc6 Qh4+ 20. Kd1 Rfe8 21. Rg4 Qf2 22. Kc2 Rxe2+ 23. Bxe2 Qxe2+ 24. Nd2 Re8 25. Qh6 1-0

[Event "ARG-ch sf 98th"]
[Site "Buenos Aires"]
[Date "2023.05.01"]
[Round "3"]
[White "Isaac, Cristian"]
[Black "Gualpa, Carlos Alberto"]
[Result "0-1"]
[WhiteElo "1318"]
[BlackElo "1710"]
[PlyCount "118"]
[EventDate "2023.04.29"]
[EventType "swiss"]
[EventRounds "9"]
[EventCountry "ARG"]
[SourceTitle "CBM 214 Extra"]
[Source "ChessBase"]
[SourceDate "2023.07.31"]
[SourceVersion "1"]
[SourceVersionDate "2023.07.31"]
[SourceQuality "1"]

1. e4 g6 2. d4 Bg7 3. Nf3 d6 4. Nc3 Bg4 5. Be3 Nd7 6. Be2 Bxf3 7. Bxf3 e5 8. d5 a6 9. Qd2 h5 10. 0-0-0 Bh6 11. Be2 Bxe3 12. Qxe3 Nh6 13. h3 Nb6 14. f4 Qe7 15. Rhf1 0-0-0 16. g4 hxg4 17. hxg4 f6 18. f5 g5 19. Rh1 Nf7 20. Rh5 Rxh5 21. gxh5 Nh6 22. Rg1 Kb8 23. Nd1 Rg8 24. Nf2 Rh8 25. Ng4 Nxg4 26. Bxg4 Rh6 27. Qb3 Qe8 28. Kb1 Qa4 29. Qxa4 Nxa4 30. Re1 Nc5 31. Re3 Ka7 32. Bf3 Rh8 33. b3 b5 34. Rc3 Kb6 35. Re3 b4 36. c3 a5 37. Kb2 Rg8 38. Bg4 Rh8 39. a3 bxc3+ 40. Kxc3 c6 41. Kc4 Nd7 42. b4 c5 43. bxa5+ Kxa5 44. Rb3 Nb6+ 45. Kc3 Na4+ 46. Kc2 Nb6 47. Be2 c4 48. Rb4 Rh7 49. Bxc4 Nxc4 50. Rxc4 g4 51. Rc3 Rxh5 52. Rb3 Rg5 53. Rg3 Kb5 54. Kd2 Kc4 55. a4 Kd4 56. a5 Kxe4 57. a6 Rg7 58. Ra3 Ra7 59. Rc3 Kxd5 0-1

[Event "ARG-ch sf 98th"]
[Site "Buenos Aires"]
[Date "2023.04.30"]
[Round "2"]
[White "Gualpa, Carlos Alberto"]
[Black "Sasson, Maximiliano"]
[Result "0-1"]
[WhiteElo "1710"]
[BlackElo "2133"]
[PlyCount "70"]
[EventDate "2023.04.29"]
[EventType "swiss"]
[EventRounds "9"]
[EventCountry "ARG"]
[SourceTitle "CBM 214 Extra"]
[Source "ChessBase"]
[SourceDate "2023.07.31"]
[SourceVersion "1"]
[SourceVersionDate "2023.07.31"]
[SourceQuality "1"]

1. d4 Nf6 2. Bf4 c5 3. e3 e6 4. c3 d5 5. Nf3 Bd6 6. Bg3 Qc7 7. Bd3 Nbd7 8. Nbd2 0-0 9. Bxd6 Qxd6 10. Bb1 e5 11. dxe5 Nxe5 12. Nxe5 Qxe5 13. Nf3 Qe7 14. h3 b6 15. 0-0 Bb7 16. a4 a6 17. Nh2 Ne4 18. Bxe4 dxe4 19. Qb3 Qc7 20. Rad1 Rfd8 21. Rxd8+ Rxd8 22. Rd1 Rd3 23. Ng4 Qd6 24. Rf1 Bd5 25. Qa3 a5 26. Qa1 Bc4 27. Re1 Rd2 28. Qb1 Bd3 29. Qc1 Rc2 30. Qa1 h5 31. Nh2 Qf6 32. f3 exf3 33. Nxf3 Qg6 34. g4 hxg4 35. Ne5 Qe4 0-1

[Event "ARG-ch sf 93rd"]
[Site "Buenos Aires"]
[Date "2018.05.25"]
[Round "7"]
[White "Gualpa, Carlos Alberto"]
[Black "Elman, Cristian"]
[Result "0-1"]
[WhiteElo "1741"]
[BlackElo "2042"]
[PlyCount "102"]
[EventDate "2018.05.19"]
[EventType "swiss"]
[EventRounds "9"]
[EventCountry "ARG"]
[SourceTitle "CBM 184 Extra"]
[Source "ChessBase"]
[SourceDate "2018.06.28"]
[SourceVersion "1"]
[SourceVersionDate "2018.06.28"]
[SourceQuality "1"]

1. d4 Nf6 2. Nf3 g6 3. g3 Bg7 4. Bg5 h6 5. Bxf6 Bxf6 6. e4 d6 7. Bg2 0-0 8. Nbd2 Bg7 9. c3 c5 10. d5 e5 11. 0-0 Nd7 12. a3 Rb8 13. b4 Kh7 14. g4 b6 15. b5 a6 16. a4 Nf6 17. h3 Ng8 18. Ra3 f5 19. Nh2 f4 20. f3 Bf6 21. Rf2 Kg7 22. c4 Bh4 23. Re2 Nf6 24. Bh1 Nh7 25. Bg2 Bd7 26. Nb3 Qe7 27. Nc1 Rh8 28. Nd3 Qf6 29. Nf2 Ng5 30. Qf1 Rh7 31. Bh1 Kf7 32. Qg2 Rbh8 33. Kf1 Kf8 34. Ke1 Nf7 35. Kd2 Ke7 36. Rd3 Qg5 37. Kc3 h5 38. Kb3 Bg3 39. Nf1 Bxf2 40. Rxf2 hxg4 41. fxg4 Bxg4 42. hxg4 Rxh1 43. Rdf3 Qh4 44. Rd3 Ng5 45. Nd2 Rh2 46. Qxh2 Qxh2 47. Rxh2 Rxh2 48. Kc3 Kf6 49. Nf3 Nxe4+ 50. Kb3 Rf2 51. Nh4 Ng5 0-1

[Event "ARG-ch sf 93rd"]
[Site "Buenos Aires"]
[Date "2018.05.24"]
[Round "6"]
[White "Brizzi, Milagros Tatiana"]
[Black "Gualpa, Carlos Alberto"]
[Result "1-0"]
[WhiteElo "2075"]
[BlackElo "1741"]
[PlyCount "67"]
[EventDate "2018.05.19"]
[EventType "swiss"]
[EventRounds "9"]
[EventCountry "ARG"]
[SourceTitle "CBM 184 Extra"]
[Source "ChessBase"]
[SourceDate "2018.06.28"]
[SourceVersion "1"]
[SourceVersionDate "2018.06.28"]
[SourceQuality "1"]

1. e4 d5 2. exd5 Qxd5 3. Nc3 Qe5+ 4. Be2 Bg4 5. d4 Bxe2 6. Ngxe2 Qh5 7. Bf4 Na6 8. d5 0-0-0 9. Qd4 e5 10. Qxe5 Qxe5 11. Bxe5 f6 12. Bg3 Bd6 13. 0-0-0 Bxg3 14. hxg3 g5 15. Nd4 h5 16. Ne6 Rd7 17. a3 Ne7 18. Rhe1 g4 19. b4 c6 20. d6 Nf5 21. Ne4 b6 22. c4 Nb8 23. c5 Rf7 24. Kc2 Nd7 25. Kc3 Ne5 26. Nxf6 Nd7 27. Nxd7 Kxd7 28. Nf4 h4 29. Ng6 Re8 30. Ne5+ Rxe5 31. Rxe5 h3 32. gxh3 gxh3 33. Rh1 h2 34. Rxh2 1-0

[Event "Monte Grande FASGBA-ch"]
[Site "Monte Grande"]
[Date "2018.03.11"]
[Round "6.5"]
[White "Garzon, Enrique"]
[Black "Gualpa, Carlos Alberto"]
[Result "1-0"]
[WhiteElo "2082"]
[BlackElo "1865"]
[PlyCount "79"]
[EventDate "2018.03.03"]
[EventType "swiss"]
[EventRounds "6"]
[EventCountry "ARG"]
[SourceTitle "EXT 2024"]
[Source "ChessBase"]
[SourceDate "2023.10.10"]
[SourceVersion "1"]
[SourceVersionDate "2023.10.10"]
[SourceQuality "1"]

1. e4 d5 2. exd5 Qxd5 3. Nc3 Qd8 4. d4 c6 5. Bc4 e6 6. Nf3 Nf6 7. Qe2 Bb4 8. Bd2 Nd5 9. 0-0-0 Bxc3 10. bxc3 Qa5 11. Kb2 b5 12. Bb3 Nd7 13. c4 b4 14. cxd5 cxd5 15. Ne5 Ba6 16. Qe1 Nxe5 17. Qxe5 0-0 18. h4 Bc4 19. h5 Bxb3 20. cxb3 Qb6 21. Rhe1 Rfe8 22. Bf4 Qa5 23. h6 f6 24. Qc7 Qxc7 25. Bxc7 a5 26. hxg7 a4 27. Bd6 axb3 28. axb3 Ra7 29. Bxb4 Rxg7 30. g3 Rg4 31. Bc5 Rc8 32. Rxe6 Kf7 33. Re7+ Kg6 34. b4 h5 35. b5 h4 36. gxh4 Rxh4 37. b6 Rh2 38. Rd2 Rh4 39. b7 Rb8 40. Ba7 1-0

[Event "Monte Grande FASGBA-ch"]
[Site "Monte Grande"]
[Date "2018.03.10"]
[Round "4.6"]
[White "Encina, Sergio"]
[Black "Gualpa, Carlos Alberto"]
[Result "0-1"]
[WhiteElo "1644"]
[BlackElo "1865"]
[PlyCount "96"]
[EventDate "2018.03.03"]
[EventType "swiss"]
[EventRounds "6"]
[EventCountry "ARG"]
[SourceTitle "EXT 2024"]
[Source "ChessBase"]
[SourceDate "2023.10.10"]
[SourceVersion "1"]
[SourceVersionDate "2023.10.10"]
[SourceQuality "1"]

1. d4 Nf6 2. Nf3 g6 3. Bf4 Bg7 4. e3 d6 5. Be2 Nh5 6. Bg3 Nxg3 7. hxg3 Nd7 8. c3 Nf6 9. Nbd2 a6 10. Qc2 Bd7 11. e4 b5 12. a3 Ng4 13. Ng5 h6 14. Bxg4 Bxg4 15. Ngf3 a5 16. Qd3 Rb8 17. b4 axb4 18. axb4 Bd7 19. Nb1 Ra8 20. Na3 c6 21. Kd2 Ra4 22. d5 Qa8 23. Nc2 cxd5 24. Qxd5 Bc6 25. Qd3 0-0 26. Rhe1 Qb7 27. Nfd4 Rxa1 28. Nxa1 Bd7 29. Nac2 e5 30. Nb3 Qb6 31. Ne3 Be6 32. Na5 h5 33. f3 Bh6 34. Kc2 Rc8 35. Re2 Kg7 36. Nd5 Bxd5 37. Qxd5 Qg1 38. Nb3 Qa7 39. Na5 Qc7 40. Qd3 Qb6 41. Qd1 Be3 42. Kb2 Bg5 43. g4 hxg4 44. fxg4 Qc7 45. Qd3 Qd7 46. Qf3 Rh8 47. g3 Rh3 48. Qg2 Qxg4 0-1